Public Sector Enterprises in India - Evolution, Privatisation and Reforms (Record no. 96591)

MARC details
000 -LEADER
fixed length control field 00628nam a2200229Ia 4500
005 - DATE AND TIME OF LATEST TRANSACTION
control field 20230228152356.0
008 - FIXED-LENGTH DATA ELEMENTS--GENERAL INFORMATION
fixed length control field 230125s9999 xx 000 0 und d
020 ## - INTERNATIONAL STANDARD BOOK NUMBER
International Standard Book Number 978-93-5388-372-0
041 ## - LANGUAGE CODE
Language code of text/sound track or separate title eng
082 ## - DEWEY DECIMAL CLASSIFICATION NUMBER
Classification number 658
Item number BHA
100 ## - MAIN ENTRY--PERSONAL NAME
Author Bhattacharjee G
245 ## - TITLE STATEMENT
Title Public Sector Enterprises in India - Evolution, Privatisation and Reforms
250 ## - EDITION STATEMENT
Edition statement 1st Ed.
260 ## - PUBLICATION, DISTRIBUTION, ETC.
Date of publication, distribution, etc. 2020
Name of publisher, distributor, etc. Sage Publication
Place of publication, distribution, etc. New Delhi
300 ## - PHYSICAL DESCRIPTION
Extent 425
500 ## - GENERAL NOTE
Keywords General Management<br/>
650 ## - SUBJECT ADDED ENTRY--TOPICAL TERM
Topical term or geographic name entry element General Management
700 ## - ADDED ENTRY--PERSONAL NAME
Personal name Bhattacharjee G
942 ## - ADDED ENTRY ELEMENTS (KOHA)
Koha item type Books
906 ## - LOCAL DATA ELEMENT F, LDF (RLIN)
b 348.75
Holdings
Withdrawn status Lost status Damaged status Not for loan Home library Current library Date acquired Vendor Net Price Bill number Total Checkouts Full call number Barcode Date last seen Actual Price Bill Date Koha item type Original Barcode Source of classification or shelving scheme
        Smt. Hiraben Nanavati Institute of Management & Research for Women Smt. Hiraben Nanavati Institute of Management & Research for Women 13/03/2021 Forward Books 1395.00 11381   658 BHA B21768 HIMR-BK-21768 25/01/2023 1046.25 12/03/2021 Books B21768  
      Reference Smt. Hiraben Nanavati Institute of Management & Research for Women Smt. Hiraben Nanavati Institute of Management & Research for Women 09/03/2021 Forward Books 1395.00 11363   658 BHA B21035 HIMR-BK-21035 25/01/2023 1046.25 05/03/2021 Books B21035 Dewey Decimal Classification